00875nas a2200229Ia 4500001001100000003000900011008004100020040001300061040001300074041001300087100004400100210001600144222001600160245005600176250001100232260003000243501008600273300001800359362003300377500019900410650003600609R412/38427IT-RoPAU151124c99999999xx |||||||||||| ||und|| aIT-RoPAU cIT-RoPAU aITALIANO aGianolio AldogCodice Aut. SPICS: 52847 aMUSICA JAZZ aMusica Jazz aMUSICA JAZZ (ANNO 38-N.01)-GENNAIO 1982bPiano Jazz a1a ed. aMILANObMUSICA JAZZc1982 bPaulus - SPICS - Società San Paolo EM (non-commercial uses only)cCopyright2015 a16 p. [35-50] aANNO 038, N.01)-GENNAIO 1982 aStoria, Sviluppo del Linguaggio Pianistico e i Suoi Principali Protagonisti. Pianismo Orchestrale. Boogie-Woogie. Genealogia del Piano Jazz. Bebop. Anni Cinquanta. Avanguardia e Cultura Europea. aMUSICAvPUBBLICAZIONE PERIODICA